Bách khoa mạch điện và hướng dẫn xử lí sự cố mạch điện; T1

Salvato in:
Dettagli Bibliografici
Autore principale: Trần Thế San
Natura: Libro
Lingua:Undetermined
Pubblicazione: Đà Nẵng Nxb. Đà Nẵng 1999
Soggetti:
Tags: Aggiungi Tag
Nessun Tag, puoi essere il primo ad aggiungerne! !
Thư viện lưu trữ: Trung tâm Học liệu Trường Đại học Cần Thơ
LEADER 00641nam a2200169Ia 4500
001 CTU_36484
008 210402s9999 xx 000 0 und d
082 |a 621.38132 
082 |b S105/T1 
100 |a Trần Thế San 
245 0 |a Bách khoa mạch điện và hướng dẫn xử lí sự cố mạch điện; T1 
245 0 |c Trần Thế San, Nguyễn Văn Mạnh 
260 |a Đà Nẵng 
260 |b Nxb. Đà Nẵng 
260 |c 1999 
650 |a electric circuits,electrics and electronics,electronic circuits,electronic engineering 
980 |a Trung tâm Học liệu Trường Đại học Cần Thơ